| 000 | 00712nam a2200229 b 4500 | ||
|---|---|---|---|
| 001 | Mimo0001796424 | ||
| 003 | CO-ViMGA | ||
| 005 | 20230915225025.0 | ||
| 008 | 020718s2001 sp | ||| ||spa | ||
| 020 | _a9788426131973 | ||
| 040 |
_aCO-ViMGA _bspa _cCO-ViMGA |
||
| 041 | 1 | _hdut | |
| 082 | 0 | 4 |
_a616.84 _bM85c |
| 100 | 1 |
_aMoira Muller _9488 |
|
| 240 | 1 | 0 |
_aMoira 16 jaar en genezen van anorexia _lEspaƱol |
| 245 | 1 | 0 |
_aCronica de una anorexia _h[Texto impreso] : _bel diario de Moira _cMoira Muller ; [traduccion de Elena Ruiz] |
| 250 | _a1era . ed. | ||
| 260 |
_aBarcelona _bJuventud _c2001 |
||
| 300 |
_a207 p. _bil. _c22 cm |
||
| 650 | 1 | 7 |
_aAnorexia _xAspectos psicologicos _2embne _9489 |
| 942 |
_2ddc _cBK |
||
| 999 |
_c12079 _d12079 |
||